Economic implications of pelleting cotton gin trash as an alternative energy source /

Bibliographic Details
Main Author: Moore, Donald S.
Corporate Author: Texas Agricultural Experiment Station
Other Authors: Lacewell, Ronald D., Parnell, Calvin B.
Format: Government Document Book
Language:English
Published: College Station, Tex. : Texas Agricultural Experiment Station, [1982]
Series:B ; 1382
Subjects:

MARC

Tag First Indicator Second Indicator Subfields
LEADER 00000cam a2200000 a 4500
001 in00001069293
005 20150929093022.0
008 820325s1982 txub b s00010 eng d
035 |a (OCoLC)08273270 
035 |9 AFM7653AM 
040 |a IKM  |c IKM  |d UtOrBLW 
049 |a IKMd 
086 |a Z TA245.7 B873 no.1382  |2 txdocs 
099 9 |a Z  |a TA245.7  |a B873  |a no.1382 
100 1 |a Moore, Donald S. 
245 1 0 |a Economic implications of pelleting cotton gin trash as an alternative energy source /  |c authors Donald S. Moore, Ronald D. Lacewell, Calvin Parnell. 
264 1 |a College Station, Tex. :  |b Texas Agricultural Experiment Station,  |c [1982] 
300 |a 12 pages :  |b map ;  |c 28 cm. 
336 |a text  |b txt  |2 rdacontent 
337 |a unmediated  |b n  |2 rdamedia 
338 |a volume  |b nc  |2 rdacarrier 
490 0 |a B ;  |v 1382 
500 |a Caption title. 
500 |a "January 1982." 
504 |a Bibliography: pages 11-12. 
650 0 |a Cotton-waste  |x Economic aspects. 
650 0 |a Cotton gins and ginning  |x Economic aspects. 
700 1 |a Lacewell, Ronald D. 
700 1 |a Parnell, Calvin B. 
710 2 |a Texas Agricultural Experiment Station. 
999 |a MARS 
999 f f |s c943c8be-ca93-358d-b199-596288ad6fab  |i 609d7e43-3f81-3aee-9155-f0b871b5bf95  |t 0 
952 f f |p normal  |a Texas A&M University  |b College Station  |c Sterling C. Evans Library  |d Evans: Texas Documents (Annex 5th floor)  |t 0  |e Z TA245.7 B873 no.1331-1450  |h Superintendent of Documents classification  |i unmediated -- volume  |k no.1331-1450  |l ?-1983:Aug.  |m A14830566059 
952 f f |p normal  |a Texas A&M University  |b College Station  |c Sterling C. Evans Library  |d Evans: Texas Documents (Annex 5th floor)  |t 0  |e Z TA245.7 B873 no.1382  |h Superintendent of Documents classification  |i unmediated -- volume  |m A14838316050 
952 f f |a Texas A&M University  |b College Station  |c Sterling C. Evans Library  |d Evans: Texas Documents (Annex 5th floor)  |t 0  |e Z TA245.7 B873 no.1331-1450  |h Superintendent of Documents classification 
998 f f |a Z TA245.7 B873 no.1331-1450  |s 1331,1337,1356-1358,1361-1363,1371-1372,1378,1382,1385,1393,1398,1408,1420,1422-1423,1426-1428,1434,1447,1450  |t 0  |l Evans: Texas Documents (Annex 5th floor) 
998 f f |a Z TA245.7 B873 no.1382  |t 0  |l Evans: Texas Documents (Annex 5th floor)